000 00862nas a2200265 4500
001 BR0400411
003 BR-BrBNA
005 20231205104324.0
007 ta
008 230509b bl.|||p| |||| 00| 00por d
040 _aBR-BrBNA
_bpor
_cBiblioteca Nacional de Agricultura
041 _a(En)
072 _aL20
100 1 _aCáceres, N.C.
100 1 _aPichorim, M.
245 1 _aUse of an abandoned mottled piculet Picumnus nebulosus (Aves, Picidae)nest by the brazilian gracile mouse opossum Gracilinanus microtarsus (Mammalia, Didelphidae)
650 _aGAMBÁ
650 _aANIMAL SELVAGEM
650 _aTAXONOMIA ANIMAL
650 _aECOLOGIA ANIMAL
650 _aMEIO AMBIENTE
773 0 _tBiociências (Brazil)
_xISSN 0104-3455
_g(Jun 2003), v. 11(1) p. 97-99
_wBR0400411
909 _a202311
_bLúcia
_c55
_dLúcia Elande
942 _2AGRIS
_n0
_cANA
999 _c177550
_d177550